书目信息 |
| 题名: |
时代的精神状况
|
|
| 作者: | 雅斯贝斯 著 ;王德峰 译 | |
| 分册: | ||
| 出版信息: | 上海 上海译文出版社 2013.04 |
|
| 页数: | 34, 249页 | |
| 开本: | 20cm | |
| 丛书名: | 译文经典 | |
| 单 册: | ||
| 中图分类: | B086 , B516.53 | |
| 科图分类: | ||
| 主题词: | 存在主义--cun zai zhu yi--德国--现代 | |
| 电子资源: | ||
| ISBN: | 978-7-5327-6137-1 | |
| 000 | 01119nam 2200301 450 | |
| 001 | 202019137605 | |
| 005 | 20191026133321.0 | |
| 010 | @a978-7-5327-6137-1@b精装@dCNY35.00 | |
| 100 | @a20191023d2013 em y0chiy50 ea | |
| 101 | 1 | @achi@cger |
| 102 | @aCN@b310000 | |
| 105 | @ay z 000yy | |
| 106 | @ar | |
| 200 | 1 | @a时代的精神状况@Ashi dai de jing shen zhuang kuang@f(德) 卡尔·雅斯贝斯著@d= Man in the modern age@fKarl Jaspers@g王德峰译@zeng |
| 210 | @a上海@c上海译文出版社@d2013.04 | |
| 215 | @a34, 249页@d20cm | |
| 225 | 2 | @a译文经典@Ayi wen jing dian |
| 314 | @a卡尔·雅斯贝斯, 是20世纪德国著名哲学家、存在主义哲学奠基人之一。 | |
| 330 | @a本书以实存哲学式的反思作底线, 描画了与西方社会化现代化进程相伴随的精神文化的巨大震撼以及这种震撼留给当代西方人的困境。 | |
| 410 | 0 | @12001 @a译文经典 |
| 510 | 1 | @aMan in the modern age@zeng |
| 606 | 0 | @a存在主义@Acun zai zhu yi@y德国@z现代 |
| 690 | @aB086@v5 | |
| 690 | @aB516.53@v5 | |
| 701 | 1 | @a雅斯贝斯@Aya si bei si@g(Jaspers, Karl)@4著 |
| 702 | 0 | @a王德峰@Awang de feng@4译 |
| 801 | 0 | @aCN@c20190905 |
| 905 | @a河南城建学院图书馆@dB086@eY011 | |
| 时代的精神状况/(德) 卡尔·雅斯贝斯著= Man in the modern age/Karl Jaspers/王德峰译.-上海:上海译文出版社,2013.04 |
| 34, 249页;20cm.-(译文经典) |
| ISBN 978-7-5327-6137-1(精装):CNY35.00 |
| 本书以实存哲学式的反思作底线, 描画了与西方社会化现代化进程相伴随的精神文化的巨大震撼以及这种震撼留给当代西方人的困境。 |
| ● |
| 相关链接 |
|
|
|
正题名:时代的精神状况
索取号:B086/Y011
 
预约/预借
| 序号 | 登录号 | 条形码 | 馆藏地/架位号 | 状态 | 备注 |
| 1 | 1446386 | 214463864 | 社科库509/509社科库 7排4列4层/ [索取号:B086/Y011] | 在馆 | |
| 2 | 1446387 | 214463873 | 社科库509/509社科库 7排4列4层/ [索取号:B086/Y011] | 在馆 | |
| 3 | 1446388 | 214463882 | 社科库509/509社科库 7排4列4层/ [索取号:B086/Y011] | 在馆 |